| 000 | 00356nam a2200145Ia 4500 | ||
|---|---|---|---|
| 005 | 20251222144626.0 | ||
| 008 | 251222s9999||||xx |||||||||||||| ||spa|| | ||
| 020 | _a8420427934 | ||
| 082 | _a833.914/E57/1993 | ||
| 100 | _aEnde, Michael | ||
| 245 | 0 | _aLa Prisión de la Libertad | |
| 250 | _a1ra.ed. | ||
| 264 | _bEditorial Alfaguara, S.A. | ||
| 942 | _cLIB | ||
| 999 |
_c16134 _d16134 |
||